Sports Quiz

Random Sports or Soccer Quiz

FA Cup Winners XI Quiz Stats

Quiz not verified by Sporcle

Also try: Who Eliminated Me?
Challenge
Share
Tweet
Embed
Score 0/132 Timer 20:00
0 Plays Today
Team Player % Correct
Chelsea 2007Petr Cech
98.4%
Chelsea 2009Petr Cech
98.4%
Chelsea 2010Petr Cech
98.4%
Chelsea 2012Petr Cech
98.4%
Chelsea 2007John Terry
97.9%
Chelsea 2009John Terry
97.9%
Chelsea 2010John Terry
97.9%
Chelsea 2012John Terry
97.9%
Chelsea 2007Frank Lampard
97.4%
Chelsea 2009Frank Lampard
97.4%
Chelsea 2010Frank Lampard
97.4%
Chelsea 2012Frank Lampard
97.4%
Arsenal 2002Ashley Cole
96.8%
Arsenal 2003Ashley Cole
96.8%
Arsenal 2005Ashley Cole
96.8%
Chelsea 2007Joe Cole
96.8%
Chelsea 2007Didier Drogba
96.8%
Chelsea 2009Ashley Cole
96.8%
Chelsea 2009Didier Drogba
96.8%
Chelsea 2010Ashley Cole
96.8%
Chelsea 2010Didier Drogba
96.8%
Chelsea 2012Ashley Cole
96.8%
Chelsea 2012Didier Drogba
96.8%
Arsenal 2005Kolo Toure
95.3%
Manchester City 2011Yaya Toure
95.3%
Manchester City 2011Joe Hart
94.2%
Arsenal 2002Thierry Henry
93.7%
Arsenal 2003Thierry Henry
93.7%
Liverpool 2006Steven Gerrard
93.7%
Arsenal 2002David Seaman
93.2%
Arsenal 2003David Seaman
93.2%
Liverpool 2006Pepe Reina
92.1%
Arsenal 2003Robert Pires
91.6%
Arsenal 2005Robert Pires
91.6%
Arsenal 2002Sol Campbell
91.1%
Portsmouth 2008Sol Campbell
91.1%
Liverpool 2006Jamie Carragher
90%
Manchester City 2011Vincent Kompany
89.5%
Manchester United 2004Ryan Giggs
88.9%
Arsenal 2002Patrick Vieira
88.4%
Arsenal 2003Gilberto Silva
88.4%
Manchester United 2004Gary Neville
88.4%
Manchester United 2004Paul Scholes
88.4%
Arsenal 2005Gilberto Silva
88.4%
Team Player % Correct
Arsenal 2005Patrick Vieira
88.4%
Manchester United 2004Ruud van Nistelrooy
87.9%
Arsenal 2005Jens Lehmann
87.9%
Arsenal 2002Dennis Bergkamp
87.4%
Arsenal 2003Dennis Bergkamp
87.4%
Arsenal 2005Dennis Bergkamp
87.4%
Arsenal 2002Tony Adams
86.3%
Manchester City 2011David Silva
86.3%
Arsenal 2002Fredrik Ljungberg
85.8%
Arsenal 2003Fredrik Ljungberg
85.8%
Portsmouth 2008David James
83.7%
Manchester United 2004Tim Howard
82.6%
Liverpool 2006Xabi Alonso
82.6%
Arsenal 2002Lauren
82.1%
Arsenal 2003Lauren
82.1%
Arsenal 2005Lauren
82.1%
Liverpool 2006Sami Hyypia
81.6%
Chelsea 2010Branislav Ivanovic
81.6%
Chelsea 2012Branislav Ivanovic
81.6%
Chelsea 2007Michael Essien
81.1%
Chelsea 2007John Obi Mikel
81.1%
Chelsea 2009John Obi Mikel
81.1%
Manchester City 2011Carlos Tevez
81.1%
Chelsea 2012John Obi Mikel
81.1%
Arsenal 2002Ray Parlour
80.5%
Arsenal 2003Ray Parlour
80.5%
Manchester United 2004Roy Keane
78.9%
Chelsea 2009Florent Malouda
78.4%
Chelsea 2010Florent Malouda
78.4%
Manchester United 2004Wes Brown
77.4%
Manchester United 2004Cristiano Ronaldo
77.4%
Liverpool 2006Peter Crouch
77.4%
Portsmouth 2008Nwankwo Kanu
77.4%
Manchester City 2011Joleon Lescott
77.4%
Chelsea 2010Salomon Kalou
76.8%
Chelsea 2012Salomon Kalou
76.8%
Arsenal 2003Martin Keown
76.3%
Manchester City 2011Gareth Barry
76.3%
Liverpool 2006John Arne Riise
75.8%
Manchester United 2004John O'Shea
75.3%
Liverpool 2006Steve Finnan
74.7%
Manchester City 2011Micah Richards
74.7%
Chelsea 2007Claude Makelele
74.2%
Manchester City 2011Aleksander Kolarov
73.7%
Team Player % Correct
Portsmouth 2008Glen Johnson
71.6%
Chelsea 2007Paulo Ferreira
70.5%
Arsenal 2005Cesc Fabregas
69.5%
Arsenal 2005Jose Antonio Reyes
67.9%
Chelsea 2010Michael Ballack
67.4%
Arsenal 2002Sylvain Wiltord
65.8%
Liverpool 2006Djibril Cisse
65.8%
Chelsea 2009Nicolas Anelka
65.8%
Chelsea 2010Nicolas Anelka
65.8%
Chelsea 2007Wayne Bridge
64.7%
Chelsea 2009Jose Bosingwa
64.7%
Chelsea 2012Jose Bosingwa
64.7%
Manchester United 2004Mikael Silvestre
64.2%
Chelsea 2009Alex
64.2%
Chelsea 2010Alex
64.2%
Chelsea 2012Ramires
62.6%
Manchester United 2004Darren Fletcher
62.1%
Liverpool 2006Harry Kewell
62.1%
Chelsea 2009Michael Essien
61.6%
Chelsea 2012Juan Mata
61.6%
Manchester City 2011Nigel de Jong
57.9%
Arsenal 2005Philippe Senderos
55.8%
Wigan 2013Callum McManaman
54.2%
Wigan 2013James McCarthy
53.2%
Wigan 2013Arouna Kone
51.6%
Manchester City 2011Mario Balotelli
50%
Wigan 2013Joel Robles
47.9%
Chelsea 2007Shaun Wright-Phillips
46.8%
Wigan 2013Shaun Maloney
42.1%
Wigan 2013Emmerson Boyce
41.6%
Wigan 2013James McArthur
41.1%
Wigan 2013Antolin Alcaraz
40%
Portsmouth 2008Sylvain Distin
37.9%
Portsmouth 2008Sulley Muntari
36.3%
Portsmouth 2008Pedro Mendes
35.8%
Portsmouth 2008Niko Kranjcar
35.8%
Liverpool 2006Mohamed Sissoko
34.7%
Portsmouth 2008Lassana Diarra
34.2%
Wigan 2013Jordi Gomez
33.7%
Arsenal 2003Oleg Luzhny
31.1%
Portsmouth 2008John Utaka
28.4%
Wigan 2013Roger Espinoza
22.1%
Portsmouth 2008Hermann Hreidarsson
21.1%
Wigan 2013Paul Scharner
17.9%

You're not logged in!

Compare scores with friends on all Sporcle quizzes.
Sign Up with Email
OR
Log In

You Might Also Like...

Show Comments

Extras

Top Quizzes Today


Score Distribution

Your Account Isn't Verified!

In order to create a playlist on Sporcle, you need to verify the email address you used during registration. Go to your Sporcle Settings to finish the process.